| 000 | 00644nam a2200229 i 4500 | ||
|---|---|---|---|
| 001 | bgj | ||
| 100 | 1 | _aLINLEY, Mike | |
| 245 | 1 | 0 |
_aThe Lizard in the Jungle / _ctext by Mike Linley ; photographs by Oxford Scientific Films. |
| 260 |
_aMilwaukee : _bGareth Stevens Publishing, _c1988. |
||
| 300 |
_a32 pp : _bphotos ; _c25 cm. |
||
| 490 | 1 | _aAnimal Habitats | |
| 650 | 9 | _aLizards | |
| 655 | _aJuvenile literature | ||
| 710 | p | 0 | _aOxford Scientific Films |
| 830 | _aAnimal Habitats | ||
| 020 | _a1555323030 | ||
| 040 | _cBPK | ||
| 041 | _aeng | ||
| 920 | _a1-55532-303-0 | ||
| 942 | _cKS | ||
| 008 | s uk f |000 0 eng | ||
| 999 |
_c47403 _d47403 |
||
| 856 |
_uhttp://koha.tu.koszalin.pl/cgi-bin/koha/opac-detail.pl?biblionumber=47403 _yKatalog online BPK |
||